Countries that Don't Contain R, S, T, L, N, or E - Statistics

General Stats
  • This quiz has been taken 42 times
    12 since last reset
  • The average score is 3 of 7
Answer Stats
Answer % Correct
Jamaica
89%
Chad
67%
Cuba
67%
Fiji
44%
Zambia
33%
Gambia
22%
Cambodia
0%
No matching quizzes found
Score Distribution
Percent of People with Each Score
Percentile by Number Answered
Your Score History
You have not taken this quiz since the last reset